000 00713nam a2200253Ia 4500
003 OSt
005 20220926005400.0
006 a|||||r|||| 00| 0
007 ta
008 220923b |||||||| |||| 00| 0 eng d
020 _a8183291139
037 _cGeneral Book
040 _aRTL
_cRTL
_beng
041 _2eng
_aeng
082 _aX:271:(G:55), P6
100 _aGautam N C
_9271055
245 0 _aEnvoirment and natural resource management
260 _a New Delhi
_bShree Publishers & Distributors India
_c2006
300 _av,305p
_ccm.
500 _aBibliography P 302-303
650 _aCommerce
942 _hX:271:(G:55), P6
_cGB
_2CC
999 _c613625
_d613625